000 01410cam a2200361 i 4500
003 DO-SdBNP
005 20240301180540.0
007 ta
008 751003s2018 sp cb 001 f spa d
020 _a9788430618644
040 _aDO-SdBNP
_bspa
_cBNPHU
_erda
082 4 _bS812
_222
100 1 _aStedman Jones, Gareth
_984463
240 1 0 _aKarl Marx. Greatness and ilusion /
245 1 0 _aKarl Marx :
_bilusión y grandeza /
_cGareth Stedman Jones ; traducción Jaime Gollyer
264 1 _aMadrid, España :
_bPenguin randon house,
_btaurus,
_c2018.
300 _a887 páginas
_bmapas, retratos
_c24 cm.
336 _2rdacontent
_atexto
_btxt
337 _2rdamedia
_asin mediación
_bn
338 _2rdacarrier
_avolumen
_bnc
490 1 _aBiografías
500 _aIncluye datos biografícos del autor en la solapa de la portada.
500 _aIncluye índice alfabético.
504 _aBibliografía p: 827-849
504 _aBibliografía de ilustraciones p: 851-852
520 _aStedman Jones desarma la doctrina sin desestimar al pensador, cortando los hilos que unen a ambos con la delicadeza de un experto en explosivos. Un logro extraordinario e incomparable.
590 _aInventariado, 2023/ YL
600 1 0 _aMarx, Karl,
_d1818-1883
_930439
650 4 _aMarxismo
_vHistoria
_984464
700 1 _aCollyer, Jaime
_etraducción
_984436
910 _aYlockward
942 _2ddc
_cLBS1
999 _c55156
_d55156